Представление документа в формате MARC21

ПолеНазваниеЗначение
  Тип записи a
  Библиографический уровень m
001 Контрольный номер RU\infra-m\znanium\bibl\2237691
005 Дата корректировки 20260429142107.1
008 Кодируемые данные 260120s2025 RU g rus u
020 Индекс ISBN __
a ISBN 978-5-9614-9608-6
040 Источник каталогиз. __
a Служба первич. каталог. Общество с ограниченной ответственностью «ЗНАНИУМ»
041 Код языка издания __
a Код языка текста rus
044 Код страны публикации __
a Код страны публикации RU
080 Индекс УДК __
a Индекс УДК 821
084 Индекс другой классификации/Индекс ББК __
2 Источник индекса rubbk
a Индекс другой классификации/Индекс ББК 84
100 Автор __
a Автор Вильяхос Р.
q Полное имя Вильяхос Росарио
245 Заглавие __
a Заглавие Физическое воспитание
b Продолж. заглавия Художественная литература
250 Сведения об издании __
a Основные сведения об издании 1
260 Выходные данные __
a Место издания Москва
b Издательство ООО "Альпина Паблишер"
c Дата издания 2026
300 Физическое описание __
a Объем 288 с.
520 Аннотация __
a Аннотация Поздним августовским вечером Каталина покидает дом лучшей подруги после шокирующего инцидента и решает добраться до дома автостопом. Хотя ей страшно садиться в машину к незнакомцу нарушение комендантского часа установленного родителями куда страшнее. В центре романа Росарио Вильяхос действие которого разворачивается в маленьком испанском городке в начале девяностых — опыт взросления девушки чье тело меняется и эти перемены приносят только страдания. Быть женственной и привлекательной но не вызывающей и распущенной — в мире двой ных стандартов Каталина сражается за право распоряжаться своим телом стремится к свободе и ищет свое истинное «я». Эта история ставит важный вопрос: в какой момент пытаясь соответствовать чужим ожиданиям ты теряешь себя?
521 Примеч. о цел. назн. __
a Примеч. о целев. назн. Дополнительное образование
650 Тематические рубрики __
a Основная рубрика Художественная литература. Досуг
x Основная подрубрика Современная литература Европы
655 Указ. предметных рубрик (устаревшее) __
a Жанр/ форма (устаревшее) Художественная литература
856 Электронный адрес документа 4_
a Имя сервера/домена znanium.ru
m Помощь ebs_support@infra-m.ru
n Местонахождение сервера НИЦ ИНФРА-М
u URL https://znanium.ru/catalog/document?id=475235
856 Электронный адрес документа 48
a Имя сервера/домена znanium.ru
d Путь /cover/2237
f Электронное имя 2237691.jpg
q Тип электронного формата image/jpeg
u URL https://znanium.ru/cover/2237/2237691.jpg
911 __
u 0030=https://znanium.ru/catalog/document?id=475235